Εμπρός στο άπειρον ; Σφιγξ και Πήγασος
Αποθηκεύτηκε σε:
| Κύριος συγγραφέας: | |
|---|---|
| Μορφή: | Βιβλίο |
| Γλώσσα: | Greek |
| Δημοσίευση: |
Αθήναι :
Σιδέρης,
[19--?].
|
| Θέματα: | |
| Ετικέτες: |
Προσθήκη ετικέτας
Δεν υπάρχουν, Καταχωρήστε ετικέτα πρώτοι!
|
MARC
| LEADER | 00000cam a2200000 a 4500 | ||
|---|---|---|---|
| 001 | 1/124732 | ||
| 008 | 220419q19uu####gr | ||| |||| ||gre|| | ||
| 040 | |a GR-MyUa |b gre |c GR-MyUa |e AACR2 | ||
| 041 | 0 | |a gre | |
| 082 | 7 | |a 889.1 |2 (23) | |
| 100 | 1 | |a Προβελέγγιος, Αριστομένης, |d 1850-1936. | |
| 245 | 1 | 0 | |a Εμπρός στο άπειρον ; |b Σφιγξ και Πήγασος / |c Α. Προβελέγγιου. |
| 260 | |a Αθήναι : |b Σιδέρης, |c [19--?]. | ||
| 300 | |a 96 σ. ; |c 20 εκ. | ||
| 650 | 0 | |a Greek literature, Modern |y 20th century. | |
| 650 | 0 | |a Greek poetry, Modern | |
| 852 | |a INST |b RHODES |c AKA |e 20220419 |h 889.1 ΠΡΟ |p 005400042742 |q 005400042742 |t BK |y 0 | ||
| 970 | |z 19-04-2022 | ||